Epic: The Musical - The Horse and The Infant - Statistics

General Stats
  • This quiz has been taken 5 times
  • The average score is 395 of 446
Answer Stats
Hint Answer % Correct
Zeus: A
100%
a
100%
again
100%
All
100%
an
100%
and
100%
as
100%
Ask
100%
be
100%
been
100%
blood
100%
brothers
100%
by
100%
can
100%
children
100%
choose
100%
Do
100%
do
100%
don't
100%
Don't
100%
Fight
100%
fight
100%
Odysseus: Find
100%
find
100%
for?
100%
for
100%
go
100%
goodbye
100%
grow
100%
hands
100%
have
100%
he
100%
Zeus: He
100%
Hector
100%
her
100%
here
100%
him
100%
I
100%
Odysseus: I'm
100%
is
100%
kill
100%
know
100%
Know
100%
lead
100%
make
100%
Odysseus: Make
100%
me
100%
my
100%
no
100%
now
100%
of
100%
on
100%
own
100%
own!
100%
Ensemble: | Odysseus | Odysseus: Penelope
100%
please!
100%
Odysseus: Please
100%
raise
100%
say
100%
Odysseus: Say
100%
see
100%
Sir!
100%
sir!
100%
slay
100%
something
100%
take
100%
Telemachus
100%
the
100%
Zeus: The
100%
them
100%
Think
100%
think
100%
Zeus: This
100%
this
100%
to
100%
try
100%
us
100%
Use
100%
we
100%
what
100%
What
100%
where
100%
who
100%
Who
100%
will
100%
wives
100%
wonder
100%
Soldiers: Yes
100%
you
100%
You
100%
you'll
100%
your
100%
Your
100%
you're
100%
yourself
100%
you've
100%
Odysseus: Alright
80%
any
80%
at
80%
attack
80%
Odysseus: Attack!
80%
avenge
80%
avenger
80%
avoid?
80%
boy
80%
but
80%
cannot
80%
charge
80%
city
80%
closely,
80%
come,
80%
could
80%
does
80%
end
80%
families
80%
father
80%
flank
80%
foe
80%
from
80%
gates
80%
Gods
80%
growing
80%
guards
80%
Zeus: He'll
80%
his
80%
home!
80%
house
80%
If
80%
infant
80%
inner
80%
inside
80%
Odysseus: It's
80%
just
80%
knees
80%
known!
80%
large
80%
left
80%
listen
80%
live
80%
lose,
80%
mates
80%
never
80%
old
80%
One
80%
one
80%
ones
80%
our
80%
past
80%
pay
80%
pride
80%
Prince
80%
rage
80%
ready
80%
run
80%
save
80%
shoot
80%
son
80%
sort
80%
still
80%
strength
80%
sure
80%
Ten
80%
that
80%
that?
80%
They're
80%
through
80%
tonight
80%
Troy's
80%
very
80%
vision
80%
was
80%
we'll
80%
well
80%
whole
80%
whose
80%
wish
80%
won't
80%
ya
80%
years
80%
yet
80%
Agamemnon
60%
age
60%
Ajax
60%
ambush
60%
anyone
60%
away
60%
back
60%
before
60%
begging
60%
burn
60%
consumed
60%
Odysseus: Diomedes
60%
Odysseus: | Zeus: Down
60%
every
60%
faced
60%
far
60%
Helen
60%
how
60%
killed
60%
let
60%
Little
60%
mission
60%
more
60%
Neo
60%
none
60%
Zeus: Oh
60%
only
60%
other
60%
outrun,
60%
pose
60%
protect
60%
right
60%
secure
60%
slowly,
60%
someone's
60%
stay
60%
than
60%
threat
60%
Trojans
60%
Unlike
60%
war
60%
way
60%
with
60%
dealt
40%
fueled
40%
Zeus: He's
40%
Odysseus: I'd
40%
imminent
40%
Menelaus
40%
Nestor
40%
pain
40%
send
40%
Odysseus: Tell
40%
Teucer
40%
throne
40%
wherever
40%
bleed
20%
bringing
20%
Odysseus: Or
20%
rather
20%
they've
20%
No matching quizzes found
Score Distribution
Percent of People with Each Score
Percentile by Number Answered
Your Score History
You have not taken this quiz